Sports Quiz

Random Sports Quiz

Mania Intercontinental Title Matches Quiz Stats

 Plays Quiz not verified by Sporcle

Score 0/31 Timer 06:00
0 Plays Today
Superstars who have defended/challenged Wrestling % Correct
Shawn Michaels
91.3%
'Macho Man' Randy Savage
88.5%
Bret 'The Hitman' Hart
86.5%
The Ultimate Warrior
82.7%
Razor Ramon
81.7%
The Rock
81.7%
Ricky 'The Dragon' Steamboat
80.8%
Chris Jericho
78.8%
'Mr. Perfect' Curt Hennig
76.9%
Kurt Angle
76.9%
Chris Benoit
74%
The Honky Tonk Man
73.1%
'Rowdy' Roddy Piper
72.1%
'Ravishing' Rick Rude
70.2%
George 'The Animal' Steele
69.2%
Greg 'The Hammer' Valentine
66.3%
Superstars who have defended/challenged Wrestling % Correct
Jeff Jarrett
65.4%
Hulk Hogan
62.5%
Junkyard Dog
60.6%
Goldust
59.6%
Ken Shamrock
58.7%
Rey Mysterio
58.7%
JBL
57.7%
Brutus 'The Barber' Beefcake
56.7%
William Regal
56.7%
Tatanka
55.8%
The Big Bossman
54.8%
The Sultan
53.8%
The Road Dogg
53.8%
Val Venis
51%
Rob Van Dam
46.2%

You're not logged in!

Compare scores with friends on all Sporcle quizzes.
OR
Log In

Show Comments

Extras

Top Quizzes Today


Score Distribution

Your Account Isn't Verified!

In order to create a playlist on Sporcle, you need to verify the email address you used during registration. Go to your Sporcle Settings to finish the process.

Report this User

Report this user for behavior that violates our Community Guidelines.

Details: